000 00830nam a2200169Ia 4500
008 090711s9999 xx 000 0 und d
082 _b100
100 _aवाडकर अलका
245 _aटि. व्ही. आणि मुले : निष्कर्ष मानसशास्त्रीय संशोधनाSो
260 _bउन्मेष प्रकाशन
_c1997
300 _a88
600 _aवाडकर अलका
630 _aटि. व्ही. आणि मुले : निष्कर्ष मानसशास्त्रीय संशोधनाSो
700 _aवाडकर अलका
730 _aटि. व्ही. आणि मुले : निष्कर्ष मानसशास्त्रीय संशोधनाSो
942 _cBOOK
999 _c323560
_d323560